00349nam a22000977a 4500008004100000082001700041100003500058245013300093260001600226300000900242230703b xxu||||| |||| 00| 0 eng d a351.722bMWE cAlbert Mwenda and Katindi Sivi aReport on the Pre-Budget Retreat for Parliamentary Departmental Committees Held at Mombasa Serena Hotel on 7th and 8th June 2003 aKenyac2003 a176p